00658nam a2200205Ia 4500003000400000005001700004008004100021020001800062040001800080041000800098082001900106100002100125245011200146250001200258260004600270300002600316650003100342650003800373650004100411OSt20251029102429.0210716s2016 xx 000 0 und d a9788126544004 cAIMIT LIBRARY aeng a005.7585bMCFP aMcfedries, Paul. aExcel data analysis :bYour visual blueprint for analyzing data charts and pivot tables /cMcFedries, Paul. a1st ed. aNew Delhi :bWiley India Pvt Ltd ,c2016. a323 p.;bPBc24.5 cm. aAnalyzing statistical data aLearning data analysis techniques aTracking trends and making forecasts